<?xml version="1.0" encoding="UTF-8"?><?xml-stylesheet type="text/xsl" href="static/style.xsl"?><OAI-PMH xmlns="http://www.openarchives.org/OAI/2.0/" xmlns:xsi="http://www.w3.org/2001/XMLSchema-instance" xsi:schemaLocation="http://www.openarchives.org/OAI/2.0/ http://www.openarchives.org/OAI/2.0/OAI-PMH.xsd"><responseDate>2026-04-14T13:01:59Z</responseDate><request verb="GetRecord" identifier="oai:uvadoc.uva.es:10324/22017" metadataPrefix="marc">https://uvadoc.uva.es/oai/request</request><GetRecord><record><header><identifier>oai:uvadoc.uva.es:10324/22017</identifier><datestamp>2021-09-06T07:39:53Z</datestamp><setSpec>com_10324_5466</setSpec><setSpec>com_10324_5186</setSpec><setSpec>com_10324_29291</setSpec><setSpec>col_10324_22007</setSpec></header><metadata><record xmlns="http://www.loc.gov/MARC21/slim" xmlns:doc="http://www.lyncode.com/xoai" xmlns:xsi="http://www.w3.org/2001/XMLSchema-instance" xmlns:dcterms="http://purl.org/dc/terms/" xsi:schemaLocation="http://www.loc.gov/MARC21/slim http://www.loc.gov/standards/marcxml/schema/MARC21slim.xsd">
<leader>00925njm 22002777a 4500</leader>
<datafield tag="042" ind1=" " ind2=" ">
<subfield code="a">dc</subfield>
</datafield>
<datafield tag="720" ind1=" " ind2=" ">
<subfield code="a">Redondo Moyano, Elena</subfield>
<subfield code="e">author</subfield>
</datafield>
<datafield tag="260" ind1=" " ind2=" ">
<subfield code="c">2015</subfield>
</datafield>
<datafield tag="520" ind1=" " ind2=" ">
<subfield code="a">This paper describes the different uses of the adverb σχεδόν, which, from its original meaning as an expression of proximity, adopted, in the Classical Period, a focal use, as an approximative adverb, and another one as a discourse marker. In the novel, it functions above all as a focus adverb. When functioning as discourse marker, it works as a pragmatic operator.</subfield>
</datafield>
<datafield tag="520" ind1=" " ind2=" ">
<subfield code="a">Se describen en este trabajo los usos del adverbio σχεδόν, el cual a partir de su significado originario de expresión de la cercanía desarrolló en la época clásica un uso focalizador, como adverbio de aproximación, y otro como marcador discursivo. En la novela funciona preferentemente como adverbio de foco. Cuando funciona como marcador discursivo actúa como operador pragmático.</subfield>
</datafield>
<datafield tag="024" ind2=" " ind1="8">
<subfield code="a">Minerva: Revista de filología clásica, 2015, N.28, pags.163-183</subfield>
</datafield>
<datafield tag="024" ind2=" " ind1="8">
<subfield code="a">0213-9634</subfield>
</datafield>
<datafield tag="024" ind2=" " ind1="8">
<subfield code="a">2530-6480</subfield>
</datafield>
<datafield tag="024" ind2=" " ind1="8">
<subfield code="a">http://uvadoc.uva.es/handle/10324/22017</subfield>
</datafield>
<datafield tag="024" ind2=" " ind1="8">
<subfield code="a">163</subfield>
</datafield>
<datafield tag="024" ind2=" " ind1="8">
<subfield code="a">28</subfield>
</datafield>
<datafield tag="024" ind2=" " ind1="8">
<subfield code="a">183</subfield>
</datafield>
<datafield ind1=" " ind2=" " tag="653">
<subfield code="a">Filología clásica</subfield>
</datafield>
<datafield tag="245" ind1="0" ind2="0">
<subfield code="a">Adverbios de foco y marcadores discursivos: σχεδόν en la novela griega antigua</subfield>
</datafield>
</record></metadata></record></GetRecord></OAI-PMH>